Detalles MARC
| 000 -CABECERA |
| campo de control de longitud fija |
01639nam a2200289 a 4500 |
| 001 - NÚMERO DE CONTROL |
| campo de control |
000022434 |
| 005 - FECHA Y HORA DE LA ÚLTIMA TRANSACCIÓN |
| campo de control |
20250120110604.0 |
| 008 - DATOS DE LONGITUD FIJA--INFORMACIÓN GENERAL |
| campo de control de longitud fija |
101011t2005 dr ac 001 0 spa d |
| 020 ## - NÚMERO INTERNACIONAL ESTÁNDAR DEL LIBRO |
| Número Internacional Estándar del Libro |
9945853902 |
| 040 ## - FUENTE DE LA CATALOGACIÓN |
| Centro catalogador/agencia de origen |
DO-SdBNP |
| Lengua de catalogación |
spa |
| Centro/agencia transcriptor |
BNPHU |
| 082 ## - NÚMERO DE LA CLASIFICACIÓN DECIMAL DEWEY |
| Número de clasificación |
070.449796 |
| Número de documento/Ítem |
N714r, 2005 |
| 100 1# - ENTRADA PRINCIPAL--NOMBRE DE PERSONA |
| Nombre de persona |
Nina Gómez, Carlos |
| 9 (RLIN) |
6492 |
| 245 10 - MENCIÓN DE TÍTULO |
| Título |
Redacción deportiva / |
| Mención de responsabilidad, etc. |
Carlos Nina Gómez ; prólogo Rafael Molina Morillo. |
| 250 ## - MENCIÓN DE EDICIÓN |
| Mención de edición |
3a ed. corr. y amp. |
| 260 ## - PUBLICACIÓN, DISTRIBUCIÓN, ETC. |
| Lugar de publicación, distribución, etc. |
Santo Domingo : |
| Nombre del editor, distribuidor, etc. |
Valdivia, |
| Fecha de publicación, distribución, etc. |
2005. |
| 300 ## - DESCRIPCIÓN FÍSICA |
| Extensión |
304 p. : |
| Otras características físicas |
il., retr. |
| 500 ## - NOTA GENERAL |
| Nota general |
Incluye datos biográficos del autor en la solapa de la cubierta. |
| 505 0# - NOTA DE CONTENIDO CON FORMATO |
| Información miscelánea |
Presentación -- |
| -- |
Prólogo / |
| Mención de responsabilidad |
Rafael Molina Morillo -- |
| Título |
Saber escribir -- |
| -- |
Concepto de lo que es noticia -- |
| -- |
Redacción deportiva -- |
| -- |
No a la especulación -- |
| -- |
La noticia corta -- |
| -- |
La noticia deportiva -- |
| -- |
Cómo cubrir certámenes internacionales -- |
| -- |
El trabajo interno -- |
| -- |
Los títulos deportivos -- |
| -- |
Los instrumentos del periodista -- |
| -- |
Las fotografías -- |
| -- |
La función del editor deportivo -- |
| -- |
La noticia en perspectiva -- |
| -- |
El articulista -- |
| -- |
La fuentes -- |
| -- |
El periodismo de revista -- |
| -- |
La noticia de radio -- |
| -- |
La buena entrevista -- |
| -- |
Buenos ejemplos de periodismo deportivo -- |
| -- |
Cómo escriben las agencias internacionales. |
| 590 ## - NOTA LOCAL (RLIN) |
| Nota local |
Inventariado,2018/DG |
| 650 #4 - PUNTO DE ACCESO ADICIONAL DE MATERIA--TÉRMINO DE MATERIA |
| Término de materia o nombre geográfico como elemento de entrada |
Periodismo deportivo |
| 9 (RLIN) |
6910 |
| 650 #4 - PUNTO DE ACCESO ADICIONAL DE MATERIA--TÉRMINO DE MATERIA |
| Término de materia o nombre geográfico como elemento de entrada |
Medios de comunicacion de masas y deportes |
| 9 (RLIN) |
46244 |
| 650 #4 - PUNTO DE ACCESO ADICIONAL DE MATERIA--TÉRMINO DE MATERIA |
| Término de materia o nombre geográfico como elemento de entrada |
Crónica deportiva |
| 9 (RLIN) |
6911 |
| 650 #4 - PUNTO DE ACCESO ADICIONAL DE MATERIA--TÉRMINO DE MATERIA |
| Término de materia o nombre geográfico como elemento de entrada |
Política deportiva |
| 9 (RLIN) |
46245 |
| 650 #4 - PUNTO DE ACCESO ADICIONAL DE MATERIA--TÉRMINO DE MATERIA |
| Término de materia o nombre geográfico como elemento de entrada |
Periodismo-arte de escribir |
| 9 (RLIN) |
46246 |
| 700 1# - PUNTO DE ACCESO ADICIONAL--NOMBRE DE PERSONA |
| Nombre de persona |
Molina Morillo, Rafael, |
| Fechas asociadas al nombre |
1930-1917 |
| Término indicativo de función/relación |
pról. |
| 9 (RLIN) |
37 |
| 910 ## - DATOS DE OPCIÓN DEL USUARIO (OCLC) |
| Datos de opción del usuario |
Validado. Control de calidad EMS. |